000 00477nam a2200205Ia 4500
003 OSt
005 20240330164016.0
008 230314s9999 xx 000 0 und d
020 _a978-93-5465-493-0
041 _aeng
082 _aPY 150 SRE B09754
100 _aSreevani R
245 _aApplied Psychology for Nurses
250 _a4th
260 _bJaypee Brothers
_aNew Delhi
_c2022
300 _a261p
906 _bBSC
942 _2ddc
_cBK
999 _c142490
_d142490